书目信息 |
| 题名: |
勒襄特函数
|
|
| 作者: | 莫叶 著 | |
| 分册: | 第二册 | |
| 出版信息: | 山东大学数学系 1984.06 |
|
| 页数: | 1册 | |
| 开本: | 26cm | |
| 丛书名: | ||
| 单 册: | ||
| 中图分类: | O174.3 | |
| 科图分类: | ||
| 主题词: | 数学分析 | |
| 电子资源: | ||
| ISBN: | ||
| 000 | 00456nam0 2200169 450 | |
| 001 | 0631864906 | |
| 005 | 20060820085246.31 | |
| 100 | @a20060820d1984 km y0chiy0120 ea | |
| 101 | 0 | @achi |
| 200 | 1 | @a勒襄特函数@Ale xiang te han shu@h第二册@h上册@f莫叶著@Fmo ye zhu |
| 210 | @c山东大学数学系@d1984.06 | |
| 215 | @a1册@d26cm | |
| 606 | 0 | @a数学分析 |
| 690 | @aO174.3@v3 | |
| 701 | 0 | @a莫叶@Amo ye@4著 |
| 801 | 0 | @aCN@bPFT@c20060820 |
| 905 | @a10447@dO174.3@e168:2(1) | |
| 勒襄特函数.第二册.上册/莫叶著.-山东大学数学系,1984.06 |
| 1册;26cm |
| ISBN : |
| ● |
| 相关链接 |
|
|
|
|
正题名:勒襄特函数
索取号:O174.3/168:2(1)
 
预约/预借
| 序号 | 登录号 | 条形码 | 馆藏地/架位号 | 状态 | 备注 |
| 1 | 0468988 | 204689881 | 密集书库/ [索取号:O174.3/168:2(1)] | 在馆 |